| 000 | 00431nam a22001457a 4500 | ||
|---|---|---|---|
| 999 |
_c7889 _d7889 |
||
| 003 | OSt | ||
| 005 | 20200529103511.0 | ||
| 008 | 200529b ||||| |||| 00| 0 eng d | ||
| 020 | _a9789351251880 | ||
| 082 |
_a662.880951 _bMAH |
||
| 100 | _a Mahadevia, Darshini | ||
| 245 | _aSustainable biomass practices in China : case studies and policy environment | ||
| 260 |
_aNew Delhi _bConcept publishing company pvt ltd _c2017 |
||
| 942 | _2ddc | ||